000 00493nam a22001697a 4500
008 230602b |||||||| |||| 00| 0 eng d
040 _aNational Science Library
_cNational Science Library
080 _a616(047.1)
_bK1.1
245 _aInternational review of topical medicine
260 _aNew York:
_bAcademic Press,
_c1961
300 _axii, 300p.
500 _aVol. 1 1961
650 _aMedicine
653 _aDiagnosis
700 _aLincicome, David Richard (Ed.)
942 _2udc
_cBK
999 _c38714
_d38714